000 00609nam a2200205 4500
008 s1998 fr fre u
040 _aLB-BrCRDP
082 1 _a371.11
_bBou
100 1 _aBouvier, A.
245 1 3 _aLa formation des enseignants sur le terrain
_bFormer , organiser pour enseigner
_cA. Bouvier , J.P. Obin
260 _aParis
_bHachette éducation
_c1998
650 4 _aFormation
650 4 _aEnseignement
650 4 _aorganisation
650 4 _acompétences
630 4 _aRetour au terrain
700 1 _aObin, J.P.
942 _cBK
999 _c6861
_d6861